[Event "Tourn. n9927"]
[Site "www.echecsemail.com"]
[Date "2018.09.06"]
[Round "1"]
[White "Orhany24"]
[Black "Fantomas"]
[WhiteElo "2070"]
[BlackElo "2140"]
[Result "1/2-1/2"]
[Round "1"]
1.e4 e5
2.Ng1f3 Nb8c6
3.Bf1c4 Bf8c5
4.c3 Ng8f6
5.O-O d5
6.exd5 Nf6xd5
7.h3 O-O
8.d4 exd4
9.cxd4 Bc5b6
10.Nb1c3 Nc6e7
11.Bc1g5 f6
12.Bg5h4 c6
13.Rf1e1 Kh8
14.Bc4b3 Bb6a5
15.Qd1d3 Bc8f5
16.Qd3d2 Bf5g6
17.Bb3c2 Ne7f5
18.Bh4g3 Nf5xg3
19.fxg3 Bg6xc2
20.Qd2xc2 Nd5xc3
21.bxc3 Ba5c7
22.g4 Qd8d7
{ draw }
1/2-1/2

[Event "Tourn. n9917"]
[Site "www.echecsemail.com"]
[Date "2018.09.06"]
[Round "1"]
[White "Joskomol"]
[Black "Cathar"]
[WhiteElo "2240"]
[BlackElo "2400"]
[Result "1/2-1/2"]
[Round "1"]
1.e4 e5
2.Nb1c3 Ng8f6
3.Ng1f3 Nb8c6
4.Bf1c4 Nf6xe4
5.Nc3xe4 d5
6.Bc4xd5 Qd8xd5
7.Ne4c3 Qd5d6
8.O-O Bf8e7
9.d3 O-O
10.Rf1e1 Bc8g4
11.h3 Bg4h5
12.Nc3e4 Qd6d7
13.c3 Ra8d8
14.c4 { draw }
1/2-1/2

[Event "Match"]
[Site "www.echecsemail.com"]
[Date "2018.09.06"]
[Round "1"]
[White "Paco"]
[Black "Guillaumefi"]
[WhiteElo "1950"]
[BlackElo "1780"]
[Result "1-0"]
[Round "1"]
1.e4 c5
2.Bf1c4 e6
3.d3 Nb8c6
4.Ng1f3 g6
5.Nb1c3 Bf8g7
6.Bc1f4 e5
7.Bf4g3 d6
8.Bg3h4 Bg7f6
9.Bh4g3 Bc8g4
10.h3 Bg4xf3
11.Qd1xf3 Nc6d4
12.Qf3d1 Ng8e7
13.Nc3d5 Ne7xd5
14.Bc4xd5 Nd4c6
15.Qd1f3 Qd8e7
16.c3 O-O
17.h4 h5
18.Rh1h3 Bf6g7
19.O-O-O Ra8b8
20.Bg3h2 Qe7f6
21.Qf3e2 Nc6e7
22.Bd5c4 b5
23.Bc4b3 Ne7c6
24.g4 hxg4
25.Qe2xg4 b4
26.Rh3f3 Bg7h6
27.Kb1 Qf6e7
28.h5 Qe7g5
29.Qg4d7 c4
30.dxc4 Nc6a5
31.hxg6 Qg5xg6
32.Rf3g3  { time }
1-0

[Event "Match"]
[Site "www.echecsemail.com"]
[Date "2018.09.06"]
[Round "1"]
[White "Biohazard"]
[Black "Seger"]
[WhiteElo "2820"]
[BlackElo "2870"]
[Result "1/2-1/2"]
[Round "1"]
1.b3 e5
2.Bc1b2 d6
3.e3 Ng8f6
4.d4 exd4
5.exd4 d5
6.Ng1f3 Bf8d6
7.c4 O-O
8.Bf1e2 c6
9.O-O Rf8e8
10.Rf1e1 Bc8f5
11.Nf3h4 Bf5e6
12.Nb1c3 Nb8d7
13.g3 Be6h3
14.a3 Nd7f8
15.cxd5 cxd5
16.Nh4g2 Qd8d7
17.Ng2e3 Re8xe3
18.fxe3 Nf8e6
19.Be2b5 Qd7c7
20.Bb5f1 Ne6g5
21.Bf1xh3 Ng5xh3
22.Kg2 Nh3g5
23.e4 Nf6xe4
24.Qd1g4 g6
25.Ra1c1 Qc7d8
26.Nc3xe4 Ng5xe4
27.Rc1c2 h5
28.Qg4f3 h4
29.Re1f1 Qd8e7
30.g4 { draw }
1/2-1/2

[Event "Tourn. n9929"]
[Site "www.echecsemail.com"]
[Date "2018.09.06"]
[Round "1"]
[White "Joskomol"]
[Black "Cathar"]
[WhiteElo "2290"]
[BlackElo "2330"]
[Result "1/2-1/2"]
[Round "1"]
1.e4 e5
2.Ng1f3 Nb8c6
3.Bf1b5 a6
4.Bb5a4 Ng8f6
5.d4 exd4
6.Nf3xd4 Nc6xd4
7.Qd1xd4 { draw }
1/2-1/2

[Event "Tourn. n9857"]
[Site "www.echecsemail.com"]
[Date "2018.09.06"]
[Round "1"]
[White "Ditto"]
[Black "Falcoale"]
[WhiteElo "1880"]
[BlackElo "1870"]
[Result "0-1"]
[Round "1"]
1.e4 c5
2.Bf1c4 e6
3.Ng1f3 Nb8c6
4.d3 h6
5.Bc1f4 a6
6.a3 Nc6a5
7.Bc4a2 d6
8.O-O e5
9.Bf4d2 Bc8g4
10.Ba2d5 Na5c6
11.Bd2c3 Ng8f6
12.Nb1d2 Nf6xd5
13.exd5 Nc6d4
14.Bc3xd4 cxd4
15.Qd1e2 Bf8e7
16.Qe2e4 f5
17.Qe4e1 g5
18.Qe1d1 Qd8a5
19.Nd2c4 Qa5c7
20.h3 Bg4h5
21.Rf1e1 g4
22.hxg4 Bh5xg4
23.Nc4d2 Be7g5
24.Qd1b1 O-O-O
25.Qb1d1 Qc7g7
26.Nd2c4 Rh8e8
27.b4 e4
28.dxe4 fxe4
29.Nc4b6 Kc7
30.Nb6c4 exf3
31.Re1xe8 Rd8xe8
32.g3 h5
33.Qd1d3 h4
34.Nc4a5 Kb8
35.b5 hxg3
36.fxg3 Qg7e5
37.Kf2 Qe5xd5
38.Ra1b1 Re8e2
39.Kf1 Bg4h3
40.Kg1 f2
41.Kh2 Qd5g2
{ resign }
0-1

[Event "Match"]
[Site "www.echecsemail.com"]
[Date "2018.09.06"]
[Round "1"]
[White "Minorsana"]
[Black "Apdash"]
[WhiteElo "2100"]
[BlackElo "2080"]
[Result "1-0"]
[Round "1"]
1.e4 e5
2.f4 d6
3.d3 f6
4.Nb1c3 Nb8c6
5.Ng1e2 Bc8g4
6.h3 Bg4xe2
7.Bf1xe2 Ng8e7
8.O-O exf4
9.Bc1xf4 Ne7g6
10.Bf4e3 Bf8e7
11.d4 O-O
12.Rf1f5 Rf8e8
13.Be2c4 Kh8
14.Qd1g4 Be7f8
15.Rf5h5 Nc6e7
16.Rh5xh7 Kxh7
17.Qg4h5 
1-0

[Event "Tourn. n9922"]
[Site "www.echecsemail.com"]
[Date "2018.09.06"]
[Round "1"]
[White "Dougbeer"]
[Black "Rons"]
[WhiteElo "2260"]
[BlackElo "2640"]
[Result "1/2-1/2"]
[Round "1"]
1.e4 c5
2.Nb1c3 d6
3.f4 g6
4.Ng1f3 Nb8c6
5.Bf1c4 Bf8g7
6.O-O e6
7.d3 Ng8e7
8.Qd1e1 O-O
9.f5 d5
10.Bc4b3 c4
11.dxc4 dxe4
12.f6 Bg7xf6
13.Nc3xe4 Bf6g7
14.Bc1g5 f6
15.Ra1d1 Qd8c7
16.Bg5d2 Kh8
17.Bd2c3 e5
18.c5 b6
19.Qe1f2 Bc8a6
20.Rf1e1 Ne7f5
21.Ne4d6 bxc5
22.Nd6xf5 gxf5
23.Bb3d5 Nc6d4
24.Nf3h4 Ra8b8
25.Nh4xf5 Rf8d8
26.Bd5e4 Nd4e2
27.Kh1 Ne2xc3
28.bxc3 Ba6b7
29.Be4xb7 Qc7xb7
30.Qf2xc5 Bg7f8
31.Qc5c4 Rd8xd1
32.Re1xd1 Qb7c8
33.Qc4d3 Qc8e6
34.c4 Rb8c8
35.Nf5e3 Bf8c5
36.Ne3d5 f5
37.Rd1f1 Rc8f8
38.g3 Rf8f7
39.Rf1e1 e4
40.Qd3c3 Kg8
41.Re1b1 Qe6d6
42.Rb1b3 h5
43.Qc3d2 Rf7g7
44.Rb3b5 e3
45.Qd2d1 a6
46.Qd1xh5 axb5
47.Qh5e8 { draw }
1/2-1/2

[Event "Match"]
[Site "www.echecsemail.com"]
[Date "2018.09.07"]
[Round "1"]
[White "Sonny1000"]
[Black "Logout"]
[WhiteElo "1590"]
[BlackElo "1499"]
[Result "0-1"]
[Round "1"]
1.e4 c5
2.c3 Nb8c6
3.g4 d6
4.Ng1f3 Bc8xg4
5.Bf1b5 Bg4d7
6.Bb5c4 a6
7.Nf3g5 e6
8.Qd1g4 Nc6e5
9.Qg4h5 g6
10.Qh5h4 h6
11.d3 Qd8xg5
12.Qh4xg5 hxg5
13.Bc1xg5 Ne5f3
14.Ke2 Nf3xg5
15.h4 b5
16.Bc4b3 f5
17.exf5 gxf5
18.f4 Ng5f7
19.Nb1d2 Bf8e7
20.h5 Ng8f6
21.Ra1g1 O-O-O
22.Rg1g7 Rd8f8
23.h6 Rh8h7
24.Rg7g3 Nf6g4
25.Kf3 Rh7xh6
26.Rg3h3 Rf8h8
27.d4 Rh6xh3
28.Rh1xh3 Rh8xh3
29.Kg2 Rh3h2
30.Kg1 Rh2xd2
31.a4 Bd7c6
32.dxc5 Rd2xb2
33.Bb3xe6 Kc7
34.Be6xf7 Rb2b1

0-1

[Event "Tourn. n9933"]
[Site "www.echecsemail.com"]
[Date "2018.09.07"]
[Round "1"]
[White "Fantomas"]
[Black "Ff333"]
[WhiteElo "2090"]
[BlackElo "2120"]
[Result "1-0"]
[Round "1"]
1.e4 e5
2.Ng1f3 Nb8c6
3.Bf1b5 d6
4.c3 Bc8d7
5.O-O a6
6.Bb5a4 b5
7.Ba4c2 Ng8f6
8.h3 Qd8c8
9.Kh2 g6
10.d4 h6
11.Bc1e3 g5
12.Nf3g1 d5
13.dxe5 Nc6xe5
14.exd5 Bf8d6
15.f4 Ne5c4
16.Be3c1 O-O
17.b3 Nc4b6
18.Kh1 g4
19.f5 gxh3
20.Ng1xh3 Kh7
21.Qd1d2 Nf6g8
22.f6 Kh8
23.Qd2d3 { resign }
1-0

[Event "Match"]
[Site "www.echecsemail.com"]
[Date "2018.09.07"]
[Round "1"]
[White "Bojan"]
[Black "Mitja"]
[WhiteElo "1950"]
[BlackElo "1940"]
[Result "1-0"]
[Round "1"]
1.e4 d5
2.exd5 Qd8xd5
3.d4 e6
4.Ng1f3 c6
5.c4 Qd5d8
6.b3 h6
7.Bf1e2 Ng8f6
8.h3 Bf8b4
9.Kf1 Bb4e7
10.Qd1d3 b6
11.Nf3e5 Bc8b7
12.Be2f3 Qd8c8
13.Nb1c3 Nf6d7
14.Ne5xd7 Qc8xd7
15.Bc1f4 Be7d6
16.Bf4e3 Bd6e7
17.Ke2 Be7f6
18.Nc3e4 Bf6e7
19.Qd3c3 c5
20.Rh1d1 Qd7c7
21.Rd1d2 a5
22.a4 Nb8a6
23.Ra1d1 Ra8d8
24.dxc5 O-O
25.Rd2xd8 Rf8xd8
26.Rd1xd8 Be7xd8
27.cxb6 Qc7d7
28.Qc3xa5 f5
29.Ne4d2 Bb7xf3
30.gxf3 Qd7b7
31.c5 Bd8e7
32.b4 g5
33.Qa5b5 Kf7
34.Qb5c4 Na6b8
35.b5 f4
36.Be3d4 Be7f6
37.c6 { resign }
1-0

[Event "Match"]
[Site "www.echecsemail.com"]
[Date "2018.09.07"]
[Round "1"]
[White "Apdash"]
[Black "Karlgrocer"]
[WhiteElo "1810"]
[BlackElo "1990"]
[Result "1/2-1/2"]
[Round "1"]
1.d4 d5
2.Ng1f3 e6
3.c4 dxc4
4.Nb1c3 c6
5.a4 Bc8d7
6.e4 b5
7.axb5 cxb5
8.d5 Bf8b4
9.Bc1d2 a6
10.dxe6 Bd7xe6
11.Nc3xb5 Bb4xd2
12.Qd1xd2 Qd8xd2
13.Nf3xd2 Kd7
14.Bf1xc4 Ng8e7
15.Bc4xe6 fxe6
16.Nd2f3 Nb8c6
17.Nb5d4 Nc6xd4
18.Nf3xd4 Rh8b8
19.b3 Ne7c6
20.Nd4xc6 Kxc6
21.Ra1a3 Rb8b4
22.f3 Ra8a7
23.Ke2 a5
24.Rh1c1 Kd7
25.Rc1c4 Rb4b5
26.g4 Ra7b7
27.Kf2 Ke7
28.Rc4c3 Kf6
29.h4 h6
30.h5 Rb7b6
31.Kg3 e5
32.f4 exf4
33.Kxf4 Rb6e6
34.Rc3c4 Re6b6
35.Rc4c8 Rb6e6
36.Rc8c4 Re6b6
37.Rc4a4 Rb5xb3
38.Ra3xb3 Rb6xb3
39.Ra4xa5 Rb3b6
40.Ra5f5 Ke7
41.Rf5a5 Rb6f6
42.Ra5f5 Rf6b6
43.g5 hxg5
44.Kxg5 Rb6e6
45.e5 Re6h6
46.Kf4 g6
47.Rf5f6 Rh6xh5
48.Rf6xg6 Rh5h1
49.Rg6g3 Ke6
50.Rg3g6 Ke7
51.Kf5 Rh1f1
52.Ke4 { draw }
1/2-1/2

[Event "Match"]
[Site "www.echecsemail.com"]
[Date "2018.09.07"]
[Round "1"]
[White "Calmriver"]
[Black "Ff333"]
[WhiteElo "1550"]
[BlackElo "2180"]
[Result "1-0"]
[Round "1"]
1.d4 d5
2.c4 e6
3.Nb1c3 Bf8b4
4.Ng1f3 Ng8f6
5.Bc1g5 h6
6.Bg5xf6 Qd8xf6
7.e3 O-O
8.Bf1d3 Nb8c6
9.O-O dxc4
10.Bd3xc4 Qf6g6
11.Qd1e2 e5
12.Nf3xe5 Nc6xe5
13.dxe5 Bc8h3
14.f4 Bh3g4
15.Qe2f2 Bb4xc3
16.bxc3 a6
17.Bc4b3 Ra8d8
18.Qf2g3 Qg6f5
19.e4 Qf5h5
20.f5 Bg4e2
21.Rf1f4 Rd8d3
22.Qg3e1 Rf8d8
23.e6 fxe6
24.fxe6 Kh7
25.e7 Rd8b8
26.Rf4f8 Rb8e8
27.Bb3g8 { resign }
1-0

[Event "Tourn. n9921"]
[Site "www.echecsemail.com"]
[Date "2018.09.07"]
[Round "1"]
[White "Ll69"]
[Black "Bojan"]
[WhiteElo "2240"]
[BlackElo "2020"]
[Result "1-0"]
[Round "1"]
1.d4 d5
2.Bc1f4 Nb8c6
3.Ng1f3 f6
4.c4 dxc4
5.Nb1c3 Bc8g4
6.Qd1a4 Bg4xf3
7.exf3 Qd8xd4
8.Bf4e3 Qd4e5
9.Bf1xc4 e6
10.Bc4a6 Ra8b8
11.Ba6xb7 Ng8e7
12.Bb7xc6 Kf7
13.O-O-O Ne7xc6
14.Qa4xc6 Bf8d6
15.Be3xa7 Rb8a8
16.Rh1e1 Qe5f4
17.Ba7e3 Qf4xh2
18.Qc6d7 Kg6
19.Qd7xe6 Rh8e8
20.Qe6g4 Kf7
21.Re1h1 h5
22.Qg4c4 Kf8
23.Rh1xh2 Bd6xh2
24.f4 g5
25.Rd1h1 Bh2xf4
26.Be3xf4 { resign }
1-0

[Event "Tourn. n9901"]
[Site "www.echecsemail.com"]
[Date "2018.09.07"]
[Round "1"]
[White "Cal"]
[Black "Madz123456"]
[WhiteElo "1700"]
[BlackElo "1690"]
[Result "0-1"]
[Round "1"]
1.d4 Ng8f6
2.Nb1c3 d5
3.h3 e6
4.Bc1g5 Bf8b4
5.a3 Bb4xc3
6.bxc3 Nb8d7
7.e3 c5
8.Ng1f3 Qd8a5
9.dxc5 Qa5xc3
10.Nf3d2 Nf6e4
11.Bf1d3 Ne4xd2
12.Ke2 Nd2e4
13.Bd3xe4 dxe4
14.f3 Qc3xc5
15.Qd1d2 Qc5xg5
16.Ra1f1 Qg5xg2
17.Kd1 exf3
18.Rf1g1 Qg2xd2
19.Kxd2 O-O
20.Rh1h2 Nd7c5
21.Rh2f2 Nc5e4
22.Ke1 Ne4xf2
23.Kxf2 b6
24.Kxf3 Bc8b7
25.e4 Ra8c8
26.Rg1g2 Rc8c3
27.Kf4 f6
28.h4 e5
29.Kf5 Bb7c8
{ resign }
0-1

[Event "Match"]
[Site "www.echecsemail.com"]
[Date "2018.09.07"]
[Round "1"]
[White "Roque1"]
[Black "Ff333"]
[WhiteElo "1760"]
[BlackElo "2180"]
[Result "1-0"]
[Round "1"]
1.e4 e5
2.Ng1f3 Nb8c6
3.Bf1b5 d6
4.Nb1c3 a6
5.Bb5a4 b5
6.Ba4b3 h6
7.O-O Qd8f6
8.Nc3d5 Qf6d8
9.d3 Nc6a5
10.Bc1d2 Na5xb3
11.axb3 c6
12.Bd2a5 Qd8d7
13.Nd5b6 Qd7b7
14.Nb6xa8 Qb7xa8
15.c4 Ng8f6
16.d4 exd4
17.Nf3xd4 c5
18.Nd4f5 Bc8xf5
19.exf5 Bf8e7
20.Ba5c7 b4
21.Bc7xd6 O-O
22.Bd6xe7 Rf8e8
23.Qd1d6 Nf6e4
24.Qd6d7 f6
25.Rf1e1 Ne4g5
26.Ra1xa6 Qa8b8
27.Re1a1 Kh7
28.Be7xf6 Re8g8
29.Ra6a8 { resign }
1-0

[Event "Tourn. n9897"]
[Site "www.echecsemail.com"]
[Date "2018.09.07"]
[Round "1"]
[White "Foxy100"]
[Black "Johnmcbride"]
[WhiteElo "2210"]
[BlackElo "2040"]
[Result "1-0"]
[Round "1"]
1.e4 e5
2.Ng1f3 Nb8c6
3.Bf1b5 Ng8f6
4.O-O Nf6xe4
5.Rf1e1 f5
6.d3 Ne4f6
7.Bb5xc6 dxc6
8.Nf3xe5 Bf8e7
9.Qd1e2 O-O
10.Ne5xc6 bxc6
11.Qe2xe7 Qd8xe7
12.Re1xe7 Nf6d5
13.Re7e1 Bc8d7
14.Bc1d2 Ra8e8
15.Nb1a3 h5
16.Na3c4 Bd7e6
17.f4 c5
18.Nc4e5 a6
19.c4 Nd5b6
20.Bd2e3 Nb6d7
21.Ne5xd7 Be6xd7
22.Be3xc5 Rf8f6
23.Re1xe8 Bd7xe8
24.Ra1e1 Be8d7
25.Re1e7 Rf6f7
26.Re7e5 c6
27.Kf2 Kh7
28.Kf3 Bd7c8
29.Bc5f2 Rf7f6
30.Re5e8 Bc8d7
31.Re8e7 Rf6d6
32.Bf2c5 Rd6xd3
33.Ke2 { resign }
1-0

[Event "Match"]
[Site "www.echecsemail.com"]
[Date "2018.09.07"]
[Round "1"]
[White "Minorsana"]
[Black "Chapi"]
[WhiteElo "1459"]
[BlackElo "2090"]
[Result "1-0"]
[Round "1"]
1.e4 c5
2.Ng1f3 Nb8c6
3.d4 cxd4
4.Nf3xd4 g6
5.c4 Bf8g7
6.Bc1e3 Ng8f6
7.Nb1c3 Nf6g4
8.Qd1xg4 Nc6xd4
9.Qg4d1 Nd4c6
10.Qd1d2 O-O
11.Bf1e2 d6
12.O-O Bc8e6
13.Nc3d5 Be6xd5
14.exd5 Nc6e5
15.f4 Ne5d7
16.f5 b6
17.Ra1d1 Ra8c8
18.b3 Nd7c5
19.Be2g4 Rc8c7
20.Rd1e1 e6
21.fxe6 fxe6
22.dxe6 Bg7f6
23.Be3h6 Bf6g7
24.Bh6g5 Qd8e8
25.Rf1xf8 Kxf8
26.Qd2xd6 Rc7e7
27.Bg5xe7 Qe8xe7
28.Re1f1 Ke8
29.Qd6c6 { resign }
1-0

[Event "Match"]
[Site "www.echecsemail.com"]
[Date "2018.09.07"]
[Round "1"]
[White "Apdash"]
[Black "Estonia"]
[WhiteElo "2160"]
[BlackElo "2000"]
[Result "1-0"]
[Round "1"]
1.d4 Ng8f6
2.c4 e6
3.a3 d5
4.Ng1f3 c5
5.dxc5 Bf8xc5
6.cxd5 Nf6xd5
7.b4 Bc5e7
8.e4 Nd5f6
9.Bf1b5 Bc8d7
10.Qd1a4 Bd7xb5
11.Qa4xb5 Qd8d7
12.Qb5e2 Nb8c6
13.O-O O-O
14.Rf1d1 Qd7c7
15.Bc1b2 Ra8d8
16.Nb1c3 a6
17.Nc3a4 b5
18.Na4c5 Be7xc5
19.bxc5 e5
20.Rd1d3 Nc6d4
21.Nf3xd4 exd4
22.Bb2xd4 Qc7c6
23.e5 Nf6d5
24.Qe2g4 Qc6g6
25.Qg4xg6 hxg6
26.g3 a5
27.Ra1b1 b4
28.Bd4e3 Nd5xe3
29.Rd3xe3 Rd8d5
30.axb4 axb4
31.Rb1xb4 Rd5xc5
32.h4 Rf8e8
33.Rb4e4 Rc5c1
34.Kg2 Re8a8
35.e6 fxe6
36.Re4xe6 Kh7
37.Re6d6 Ra8c8
38.Re3e6 g5
39.hxg5 Rc8a8
40.Re6e7 Ra8a1
41.Rd6d7 Rc1g1
42.Kf3 Rg1e1
43.Re7xg7 Kh8
44.g6 Re1h1
45.Rg7f7 Ra1a8
46.Kg4 Ra8b8
47.f4 Kg8
48.Kg5 Rb8b5
49.f5 Rb5b8
50.g4 Rb8a8
51.Rf7h7 Rh1xh7
52.gxh7 Kh8
53.Rd7d6 Kxh7
54.Rd6d7 Kg8
55.Kg6 Ra8a6
56.f6 Ra6a8
57.g5 Kf8
58.Rd7d5 Ra8b8
59.Kf5 { resign }
1-0

[Event "Tourn. n9875"]
[Site "www.echecsemail.com"]
[Date "2018.09.07"]
[Round "1"]
[White "Odin"]
[Black "Gandalf50"]
[WhiteElo "1910"]
[BlackElo "1980"]
[Result "0-1"]
[Round "1"]
1.e4 Ng8f6
2.e5 Nf6d5
3.c4 Nd5b6
4.Ng1f3 d6
5.d4 Bc8g4
6.Bf1e2 Nb8c6
7.d5 Bg4xf3
8.dxc6 Bf3xc6
9.O-O dxe5
10.b3 Qd8xd1
11.Rf1xd1 Ra8d8
12.c5 Rd8xd1
13.Be2xd1 Nb6d5
14.Bc1a3 e6
15.Nb1d2 Bf8e7
16.Bd1f3 O-O
17.Nd2c4 f6
18.Nc4a5 f5
19.Na5xc6 bxc6
20.g3 e4
21.Bf3g2 g5
22.b4 Rf8b8
23.Ra1b1 Be7xc5
24.Rb1b3 Bc5xb4
25.Ba3b2 Rb8b6
26.a3 Bb4c5
27.Rb3xb6 cxb6
28.h4 h6
29.a4 b5
30.axb5 cxb5
31.Kf1 a5
32.hxg5 hxg5
33.Ke2 a4
34.Bg2f1 b4
35.Kd2 a3
36.Bb2e5 b3
37.Bf1c4 b2
38.Kc2 Bc5xf2
39.Be5d6 Nd5e3
40.Kb1 Ne3xc4
41.Bd6e7 Nc4d2
42.Kc2 b1Q
43.Kxd2 Qb1d3
{ resign }
0-1

[Event "Tourn. n9906"]
[Site "www.echecsemail.com"]
[Date "2018.09.07"]
[Round "1"]
[White "Alekpax"]
[Black "Rons"]
[WhiteElo "2420"]
[BlackElo "2630"]
[Result "1/2-1/2"]
[Round "1"]
1.e4 c5
2.Ng1f3 d6
3.d4 cxd4
4.Nf3xd4 Ng8f6
5.Nb1c3 a6
6.Bf1e2 e5
7.Nd4b3 Bf8e7
8.O-O O-O
9.Bc1e3 Bc8e6
10.Qd1d3 Nb8d7
11.Nc3d5 Be6xd5
12.exd5 Nd7c5
13.Nb3xc5 dxc5
14.c4 e4
15.Qd3d2 Be7d6
16.g3 Qd8c7
17.b3 Nf6d7
18.Ra1e1 f5
19.Kg2 Nd7f6
20.f4 b6
21.h3 Qc7f7
22.a4 a5
23.Qd2c3 Bd6e7
24.Re1d1 Ra8d8
25.Rf1g1 Nf6e8
26.g4 Be7h4
27.Kh2 Bh4f6
28.Qc3d2 Bf6h4
29.g5 Rd8d7
30.Rg1g2 Ne8d6
31.Qd2c3 Rd7e7
32.Rd1g1 Qf7g6
33.Be2d1 Qg6e8
34.Bd1e2 Qe8g6
35.Be2d1 Qg6e8
36.Bd1e2 Qe8g6
37.Be2d1 Qg6e8
{ draw }
1/2-1/2

[Event "Match"]
[Site "www.echecsemail.com"]
[Date "2018.09.07"]
[Round "1"]
[White "Fangshuo"]
[Black "Apdash"]
[WhiteElo "2080"]
[BlackElo "2160"]
[Result "1/2-1/2"]
[Round "1"]
1.e4 c5
2.Ng1f3 d6
3.Bf1c4 Ng8f6
4.Nb1c3 e6
5.O-O a6
6.a3 b5
7.Bc4e2 Bc8b7
8.d3 Bf8e7
9.e5 Nf6d5
10.Nc3xd5 exd5
11.c3 Nb8d7
12.d4 Qd8c7
13.exd6 Be7xd6
14.dxc5 Nd7xc5
15.Rf1e1 O-O
16.g3 Ra8d8
17.b4 Nc5e4
18.Be2d3 Qc7xc3
19.Bc1d2 Ne4xd2
20.Bd3xh7 Kxh7
21.Nf3g5 Kg6
22.Qd1g4 Bb7c8
23.Ng5e6 Kh6
24.Qg4h4 { draw }
1/2-1/2

[Event "Tourn. n9915"]
[Site "www.echecsemail.com"]
[Date "2018.09.07"]
[Round "1"]
[White "Minorsana"]
[Black "Cal"]
[WhiteElo "1459"]
[BlackElo "1690"]
[Result "1-0"]
[Round "1"]
1.e4 e5
2.Ng1f3 d6
3.d4 exd4
4.Nf3xd4 c5
5.Bf1b5 Bc8d7
6.Bb5xd7 Qd8xd7
7.Nd4e2 h6
8.Nb1c3 Ng8f6
9.Qd1d3 Bf8e7
10.Bc1f4 O-O
11.O-O-O Nb8c6
12.Bf4xd6 Nf6e8
13.Bd6xe7 Qd7xe7
14.Rh1e1 Nc6e5
15.Qd3h3 Ne8f6
16.f4 Ne5g6
17.e5 Nf6e8
18.Nc3d5 Qe7e6
19.f5 Qe6xe5
20.Ne2c3 Qe5b8
21.fxg6 fxg6
22.Nd5e7 Kh7
23.Ne7xg6 Kxg6
24.Qh3d3 Kf7
25.Nc3d5 Kg8
26.Nd5e7 Kh8
27.Ne7g6 Kg8
28.Qd3b3 Rf8f7
29.Re1e7 Ne8d6
30.Rd1xd6 Qb8xd6
31.Qb3xf7 Kh7
32.Qf7xg7 
1-0

[Event "Tourn. n9804"]
[Site "www.echecsemail.com"]
[Date "2018.09.07"]
[Round "1"]
[White "Seger"]
[Black "Szustan"]
[WhiteElo "2820"]
[BlackElo "2630"]
[Result "1-0"]
[Round "1"]
1.d4 d5
2.e3 e6
3.b3 Ng8f6
4.Ng1f3 c5
5.Bc1b2 Nb8c6
6.Nb1d2 Bf8d6
7.dxc5 Bd6xc5
8.a3 O-O
9.c4 b6
10.Bf1d3 Bc8b7
11.b4 dxc4
12.Nd2xc4 Bc5e7
13.Qd1e2 b5
14.Nc4d2 Ra8c8
15.O-O a5
16.bxa5 Nc6xa5
17.Rf1d1 Nf6d5
18.Nf3e5 Be7f6
19.Nd2e4 Bf6xe5
20.Bb2xe5 f6
21.Be5b2 f5
22.Ne4d2 Nd5c3
23.Bb2xc3 Rc8xc3
24.Bd3xb5 Qd8g5
25.Nd2f3 Qg5g6
26.Rd1c1 Rc3b3
27.Bb5a4 Rb3b6
28.Rc1c7 Bb7d5
29.Ra1c1 h6
30.h3 Rf8b8
31.Qe2d1 Rb6b2
32.Rc7d7 Bd5e4
33.Nf3e1 Rb2b1
34.Rd7d8 Kh7
35.Rd8xb8 Rb1xb8
36.Qd1d6 Rb8a8
37.Ba4d7 Be4d5
38.a4 Na5c4
39.Qd6b4 Nc4e5
40.Bd7b5 Qg6f7
41.Qb4c3 Qf7f6
42.a5 Ra8b8
43.Qc3c5 f4
44.Bb5f1 fxe3
45.Qc5xe3 Rb8b3
46.Qe3d4 Ne5c6
47.Qd4xf6 gxf6
48.a6 Rb3a3
49.Ne1c2 Ra3c3
50.Rc1a1 Nc6a7
51.Nc2e3 { resign }
1-0

[Event "1/128 Finale"]
[Site "www.chess-mail.com"]
[Date "2018.09.07"]
[Round "1"]
[White "Hennie4820"]
[Black "Gandalf50"]
[WhiteElo "2020"]
[BlackElo "1980"]
[Result "0-1"]
[Round "1"]
1.e4 Ng8f6
2.e5 Nf6d5
3.d4 d6
4.c4 Nd5b6
5.f4 dxe5
6.fxe5 Nb8c6
7.Bc1e3 Bc8f5
8.Nb1c3 e6
9.Ng1f3 Bf5g4
10.h3 Bg4xf3
11.gxf3 Qd8h4
12.Be3f2 Qh4f4
13.Bf1g2 O-O-O
14.O-O Nc6xd4
15.Qd1c1 Qf4xc1
16.Ra1xc1 Nb6xc4
17.Bf2xd4 Rd8xd4
18.f4 Nc4e3
19.Rf1f2 Ne3xg2
20.Rf2xg2 g6
21.Nc3b5 Rd4d7
22.Rg2c2 c6
23.a4 Kb8
24.a5 Bf8h6
25.Nb5d6 Bh6xf4
26.Rc1e1 Bf4xe5
27.Nd6xf7 Rd7xf7
28.Re1xe5 Rh8e8
29.Kg2 Rf7f5
30.Rc2e2 Rf5xe5
31.Re2xe5 Kc7
32.Kf3 Kd6
33.Re5e2 e5
34.Ke4 Ke6
35.b4 Re8f8
36.Re2d2 Rf8f4
37.Ke3 Rf4xb4
{ resign }
0-1

[Event "Fast Game"]
[Site "www.echecsemail.com"]
[Date "2018.09.07"]
[Round "1"]
[White "Krazy4chess"]
[Black "Hennie4820"]
[WhiteElo "1839"]
[BlackElo "1740"]
[Result "1-0"]
[Round "1"]
1.e4 c5
2.Ng1f3 e6
3.d4 cxd4
4.Nf3xd4 Ng8f6
5.Nb1c3 Qd8b6
6.Nd4b3 Nb8c6
7.Bf1e2 Bf8b4
8.Be2f3 Bb4xc3
9.bxc3 O-O
10.O-O Nc6e5
11.Bc1e3 Qb6c7
12.Be3d4 Ne5xf3
13.Qd1xf3 e5
{ time. }
1-0

[Event "Tourn. n9843"]
[Site "www.echecsemail.com"]
[Date "2018.09.08"]
[Round "1"]
[White "Sachpat"]
[Black "Szustan"]
[WhiteElo "2810"]
[BlackElo "2640"]
[Result "1/2-1/2"]
[Round "1"]
1.e4 e5
2.Ng1f3 Nb8c6
3.Bf1b5 a6
4.Bb5a4 Ng8f6
5.d3 d6
6.c3 g6
7.d4 exd4
8.Nf3xd4 Bc8d7
9.Nd4xc6 bxc6
10.O-O Bf8g7
11.Bc1g5 O-O
12.Nb1d2 h6
13.Bg5h4 Rf8e8
14.f3 Ra8b8
15.Ra1b1 c5
16.Ba4b3 Qd8c8
17.Rf1e1 Bd7e6
18.Bh4f2 a5
19.Qd1c2 Be6d7
20.Bb3c4 a4
21.Nd2f1 Bd7c6
22.Nf1e3 Nf6d7
23.b4 axb3
24.axb3 Nd7b6
25.Bc4f1 Nb6d7
26.b4 Qc8d8
27.Ne3c4 Qd8f6
28.b5 Bc6b7
29.b6 Nd7xb6
30.Nc4xb6 cxb6
31.Rb1xb6 Qf6d8
32.Rb6b3 Bb7c6
33.Bf1c4 Rb8xb3
34.Qc2xb3 Re8e7
35.Bf2h4 g5
36.Bh4g3 Re7d7
37.Qb3c2 d5
38.exd5 Bc6xd5
39.Bc4b5 Rd7e7
40.Re1d1 Qd8b6
41.Rd1xd5 Qb6xb5
42.h3 Re7e8
{ draw }
1/2-1/2

[Event "Match"]
[Site "www.echecsemail.com"]
[Date "2018.09.08"]
[Round "1"]
[White "Gambitmiau"]
[Black "Calmriver"]
[WhiteElo "1940"]
[BlackElo "1550"]
[Result "0-1"]
[Round "1"]
1.e4 c5
2.Bf1c4 e6
3.Ng1f3 Nb8c6
4.O-O Qd8c7
5.a3 Ng8f6
6.e5 Nc6xe5
7.Bc4a2 Ne5xf3
8.Qd1xf3 d5
9.Rf1e1 Bf8e7
10.d3 O-O
11.Bc1f4 Be7d6
12.Bf4g5 Bd6xh2
13.Kh1 Bh2e5
14.c3 Bc8d7
15.Nb1d2 Bd7c6
16.Bg5xf6 Be5xf6
17.d4 cxd4
18.cxd4 Bf6xd4
19.Ra1d1 Bd4xb2
20.Nd2b3 Qc7e7
21.Nb3d4 Qe7h4
22.Qf3h3 Qh4xh3
23.gxh3 Bc6a4
24.Rd1d3 Ra8c8
25.Re1b1 Rc8c1
26.Rb1xc1 Bb2xc1
27.Nd4f3 Rf8c8
28.Rd3d4 Ba4c2
29.Rd4b4 Bc2e4
30.Kg2 Rc8c3
31.Kf1 Be4xf3
32.Rb4xb7 Bc1f4
33.Ba2b3 Rc3c1
{ resign }
0-1

[Event "Tourn. n9907"]
[Site "www.echecsemail.com"]
[Date "2018.09.08"]
[Round "1"]
[White "Malbertan"]
[Black "Gilliere"]
[WhiteElo "2050"]
[BlackElo "1960"]
[Result "1-0"]
[Round "1"]
1.e4 c5
2.Ng1f3 d6
3.d4 cxd4
4.Qd1xd4 Nb8c6
5.Bf1b5 Qd8a5
6.Nb1c3 Bc8d7
7.Bb5xc6 Bd7xc6
8.Bc1d2 Qa5h5
9.O-O-O Ng8f6
10.e5 Bc6xf3
11.gxf3 Qh5xe5
12.Qd4a4 Nf6d7
13.Nc3b5 Qe5c5
14.Bd2e3 Qc5c6
15.Qa4b3 a6
16.Nb5d4 Qc6c8
17.Rh1e1 e5
18.Nd4f5 Qc8c7
19.f4 g6
20.fxe5 Nd7xe5
21.Nf5g3 Bf8g7
22.f4 O-O
23.fxe5 Bg7xe5
24.Be3h6 Rf8e8
25.Ng3e4 Be5g7
26.Bh6xg7 Kxg7
27.Qb3d5 Ra8d8
28.Qd5d4 Re8e5
29.Ne4g5 Kh6
30.Qd4h4 { resign }
1-0

[Event "Match"]
[Site "www.echecsemail.com"]
[Date "2018.09.08"]
[Round "1"]
[White "Minorsana"]
[Black "Guidom"]
[WhiteElo "1459"]
[BlackElo "2130"]
[Result "1-0"]
[Round "1"]
1.e4 e5
2.Ng1f3 Nb8c6
3.Bf1c4 d6
4.O-O Bf8e7
5.d4 exd4
6.Nf3xd4 Nc6e5
7.Bc4b3 Ng8f6
8.Nb1c3 O-O
9.h3 a6
10.Bc1e3 Bc8d7
11.f4 Ne5g6
12.a3 c5
13.Nd4f5 Bd7xf5
14.exf5 Ng6h8
15.g4 b5
16.g5 Nf6d7
17.Bb3d5 Ra8b8
18.Qd1h5 Nd7b6
19.Ra1e1 Rf8e8
20.Bd5c6 Nb6d7
21.f6 Be7f8
22.Qh5g4 Re8xe3
23.Re1xe3 Nd7b6
24.fxg7 Bf8xg7
25.Re3e8 Qd8xe8
26.Bc6xe8 Rb8xe8
27.Qg4f3 Bg7d4
28.Kh1 Re8e3
29.Qf3c6 Nb6c4
30.Nc3d5 Re3e2
31.Qc6c8 Kg7
32.f5 Bd4e5
33.f6 Kg6
34.Qc8f5 Kh5
35.Qf5g4 Kg6
36.Nd5e7 
1-0

[Event "Match"]
[Site "www.echecsemail.com"]
[Date "2018.09.08"]
[Round "1"]
[White "Karlgrocer"]
[Black "Minorsana"]
[WhiteElo "1930"]
[BlackElo "1459"]
[Result "0-1"]
[Round "1"]
1.d4 Ng8f6
2.e3 d5
3.Ng1f3 e6
4.Bf1e2 c5
5.dxc5 Bf8xc5
6.O-O O-O
7.a3 Qd8e7
8.Nb1d2 a5
9.c4 Nb8c6
10.cxd5 exd5
11.Nd2b3 Bc5b6
12.Nb3d4 Bc8d7
13.Qd1b3 Bb6xd4
14.Be2b5 Bd4c5
15.Bb5a4 Bd7g4
16.Nf3d2 Nc6e5
17.Qb3a2 Nf6e4
18.Nd2xe4 dxe4
19.Bc1d2 Ne5f3
20.gxf3 Bg4xf3
{ resign }
0-1

[Event "Match"]
[Site "www.echecsemail.com"]
[Date "2018.09.08"]
[Round "1"]
[White "Mitja"]
[Black "Bojan"]
[WhiteElo "1960"]
[BlackElo "1950"]
[Result "1/2-1/2"]
[Round "1"]
1.d4 d5
2.e3 a6
3.c3 Qd8d6
4.h3 b5
5.Ng1f3 c5
6.dxc5 Qd6xc5
7.Qd1d2 Nb8c6
8.b3 Bc8b7
9.Bc1b2 Ra8d8
10.Nf3d4 e5
11.Nd4xc6 Bb7xc6
12.Qd2e2 f6
13.Bb2a3 Qc5b6
14.Ba3xf8 Kxf8
15.Qe2b2 Ng8e7
16.Bf1e2 Ne7f5
17.O-O g6
18.Nb1d2 Qb6b7
19.Be2f3 Nf5h4
20.Ra1d1 g5
21.Qb2c2 Rd8d7
22.g3 Nh4xf3
23.Nd2xf3 d4
24.Nf3e1 dxe3
25.fxe3 Kg7
26.Rd1xd7 Bc6xd7
27.Qc2f2 Rh8f8
28.g4 Bd7e6
29.Ne1g2 Qb7f7
30.e4 h5
31.Ng2e3 hxg4
32.hxg4 Rf8h8
33.Qf2f3 Rh8h6
34.Rf1f2 Qf7c7
35.Ne3f5 Be6xf5
36.Qf3xf5 Kf7
37.Qf5f3 Qc7c5
{ draw }
1/2-1/2